000 00361nam a2200121Ia 4500
008 220204s9999 xx 000 0 und d
020 _a8121269854
082 _a915(540)AND
_bSES.15
100 _aSeshagiri, N
245 0 _aEncyclopaedia of cities and towns in India. 27 V. V.15. Andhra Pradesh
260 _aNew Delhi
_bGyan Publishing House
_c2009
942 _cBK
999 _c42813
_d42813